000 00617nam a2200229Ia 4500
003 OSt
005 20220928121951.0
006 a|||||r|||| 00| 0
007 ta
008 220927b |||||||| |||| 00| 0 eng d
024 _a43233
037 _cTextual
040 _aSDCL
_cSDCL
_beng
041 _2eng
_aeng
082 _aX65:8, N0
100 _aFabozzi Frank J Ed.
_9364676
245 0 _aManaging institutional assets.
260 _aNew York
_b Harper and Row Publishers
_c1990
300 _axiii,691p
_ccm.
942 _hX65:8, N0
_cTEXL
_2CC
999 _c768798
_d768798